Football players with biggest decrease in value 2024 - Statistics

General Stats
  • This quiz has been taken 49 times
  • The average score is 13 of 20
Answer Stats
Rank Answer % Correct
4 Frankie De Jong
96%
2 Victor Osimhen
93%
5 Gabriel Martinelli
87%
10 Federico Chiesa
85%
17 Kevin De Bruyne
78%
8 Neymar
78%
14 Gabriel Jesus
76%
13 Jack Grealish
72%
11 Joshua Kimmich
72%
7 Kingsley Coman
72%
3 Leroy Sane
65%
9 Milan Skriniar
65%
6 Eder Militao
63%
15 Lucas Paqueta
63%
12 Christopher Nkunku
50%
16 Evan Ferguson
50%
1 Randal Kolo Muani
43%
20 Joao Cancelo
30%
18 Moussa Diaby
30%
19 Raheem Sterling
15%
No matching quizzes found
Score Distribution
Percent of People with Each Score
Percentile by Number Answered
Your Score History
You have not taken this quiz